Informe final: producción de ovas en dos stocks de reproductores nacionales de salmones del atlántico
Wedi'i Gadw mewn:
| Prif Awduron: | , , |
|---|---|
| Fformat: | Llyfr |
| Iaith: | Sbaeneg |
| Cyhoeddwyd: |
Valparaíso
Universidad Católica de Valparaíso
1995
|
| Pynciau: | |
| Tagiau: |
Ychwanegu Tag
Dim Tagiau, Byddwch y cyntaf i dagio'r cofnod hwn!
|
MARC
| LEADER | 00000nam a2200000 a 4500 | ||
|---|---|---|---|
| 001 | UCO4461 | ||
| 003 | CL-VaPUC | ||
| 008 | 000804e19950000CL |||||||||||||||||spa|d | ||
| 082 | 0 | 4 | |a 639.3 |b SAE |2 21 |
| 100 | 0 | |a Sáez V., Ana María |e author |9 448999 | |
| 700 | 0 | |a Sepúlveda A., Fabiola |e author |9 449000 | |
| 700 | 0 | |a Villalobos T., Humberto |e author |9 449001 | |
| 245 | 1 | 0 | |a Informe final: producción de ovas en dos stocks de reproductores nacionales de salmones del atlántico |
| 300 | |a 130 h | ||
| 942 | |c BK | ||
| 945 | |d 20000804 00:00:00 |a vberengu | ||
| 260 | |a Valparaíso |b Universidad Católica de Valparaíso |c 1995 | ||
| 500 | |a Taller de Estadística; prof. guía: Inés Guerrero Santana; José Pascual Sánchez | ||
| 650 | 0 | |a Acuicultura |9 258883 | |
| 650 | 0 | |a Estadística matemática |9 260028 | |
| 650 | 7 | |a SALMON ATLANTICO |2 CL-VaPUC |9 449002 | |
| 650 | 7 | |a OVAS |2 CL-VaPUC |9 386003 | |
| 650 | 0 | |a Reproducción |9 269783 | |
| 583 | |a last modification |c 20130403 01:58:30 |k Rodrigo Vera | ||
| 999 | |c 290502 |d 290500 | ||
| 952 | |0 0 |1 2 |4 0 |6 639_300000000000000_SAE_1995 |7 0 |8 F |9 339991 |a BIBGIM |b BIBGIM |d 2019-11-20 |i 3590879 |o 639.3 SAE 1995 |p 3590879 |r 2019-11-20 |w 2019-11-20 |y BK_F |k EST | ||